MARC

LEADER 00000nam0a2200000 4500
001 24493
005 20231030200232.0
010 |a 5793100997 
035 |a (RuTPU)RU\TPU\book\24722 
035 |a BOOK00000030 
090 |a 24493 
100 |a 20011209d2000 km y0rusy50 ca 
101 0 |a rus 
102 |a RU 
105 |a y j 000zy 
200 1 |a Решение научно-технических задач на персональном компьютере  |e Для студентов и инженеров  |f Ю. И. Рыжиков 
210 |a СПб.  |c Корона принт  |d 2000 
215 |a 271 с. 
225 1 |a Учитель и ученик 
320 |a Библиогр.: с. 268-271. 
610 1 |a программные средства 
610 1 |a персональные компьютеры 
610 1 |a математическое моделирование 
610 1 |a математическая статистика 
610 1 |a имитационное моделирование 
610 1 |a языки программирования 
610 1 |a Latex 
610 1 |a Visio 
610 1 |a математические пакеты 
610 1 |a Maple 
610 1 |a Mathad 
610 1 |a Matlab 5 
610 1 |a Derive 4.02 
610 1 |a Mathematica 4 
675 |a 681.3.06  |v 3 
700 1 |a Рыжиков  |b Ю. И.  |g Юрий Иванович 
801 0 |a RU  |b 63413507  |c 20011209  |g PSBO 
801 2 |a RU  |b 63413507  |c 20130717  |g PSBO 
942 |c BK